Early clonal selection of Hevea brasiliensis based on latex physiological parameters in Cambodia (Record no. 57501)

MARC details
000 -LEADER
fixed length control field 00783nam a2200181Ia 4500
100 ## - MAIN ENTRY--AUTHOR NAME
Personal name Phearun P
245 #0 - TITLE STATEMENT
Title Early clonal selection of Hevea brasiliensis based on latex physiological parameters in Cambodia
260 ## - PUBLICATION, DISTRIBUTION, ETC. (IMPRINT)
Name of publisher Sustainability of the NR Industry: Issues, Challenges & Opportunities: International Rubber Conference, 21-22 November 2016, Cambodian Rubber Research Institute (CRRI) and International Rubber Research and Development Board (IRRDB), Siem Reap, Cambodia, pp.286-297.
650 ## - SUBJECT ADDED ENTRY--TOPICAL TERM
Topical Term Clonal selection
650 ## - SUBJECT ADDED ENTRY--TOPICAL TERM
Topical Term Growth
650 ## - SUBJECT ADDED ENTRY--TOPICAL TERM
Topical Term Inorganic phosphorus
650 ## - SUBJECT ADDED ENTRY--TOPICAL TERM
Topical Term Latex physiological parameters
650 ## - SUBJECT ADDED ENTRY--TOPICAL TERM
Topical Term Seedling evaluation trial
650 ## - SUBJECT ADDED ENTRY--TOPICAL TERM
Topical Term Sucrose
650 ## - SUBJECT ADDED ENTRY--TOPICAL TERM
Topical Term Yield
942 ## - ADDED ENTRY ELEMENTS (KOHA)
Koha item type Journals
Holdings
Withdrawn status Lost status Damaged status Not for loan Home library Current library Shelving location Date acquired Koha item type
      Journals RRII Library RRII Library Physiology 01/01/2021 Journals